Optica

Uloženo v:
Podrobná bibliografie
Hlavní autoři: Hecht, Eugene (Autor), Zajac, Alfred (Autor)
Médium: Kniha
Jazyk:španělština
Vydáno: Bogotá Fondo Educativo Interamericano 1977
Témata:
Tagy: Přidat tag
Žádné tagy, Buďte první, kdo vytvoří štítek k tomuto záznamu!

MARC

LEADER 00000nam a2200000 a 4500
001 UCX2848
003 CL-VaPUC
008 910826e19770000CK |||||||||||||||||spa|d
082 0 4 |a 535  |b HEC  |2 21 
100 |a Hecht, Eugene  |e author  |9 565824 
700 0 |a Zajac, Alfred  |e author  |9 318942 
245 1 0 |a Optica 
300 |a 586 p 
942 |c BK 
945 |d 19910826 00:00:00 
260 |a Bogotá  |b Fondo Educativo Interamericano  |c 1977 
650 0 |a Optica   |9 263171 
583 |a last modification  |c 19910826 00:00:00  |k Rodrigo Vera 
999 |c 223777  |d 223775 
952 |0 0  |1 0  |4 0  |6 535_000000000000000_HEC_1977  |7 0  |8 A  |9 219879  |a BIBCUR  |b BIBCUR  |d 2019-11-15  |i 3135853  |l 1  |o 535 HEC 1977  |p 3135853  |r 2025-04-22  |s 2022-03-23  |w 2019-11-15  |y BK  |k BCB 
952 |0 0  |1 0  |4 0  |6 535_000000000000000_HEC_1977  |7 0  |8 A  |9 219883  |a BIBCUR  |b BIBCUR  |d 2019-11-15  |i 3135896  |l 2  |m 1  |o 535 HEC 1977  |p 3135896  |r 2025-04-22  |s 2022-04-05  |w 2019-11-15  |y BK  |k BCB